International standard Graphic technology - Prints and printing inks - Assessment of resistance to various agents
| Format: | Article |
|---|---|
| Language: | English Slovak |
| Published: |
Geneve
International Organization for Standardization
1999
|
| Online Access: | http://www.viks.sk/chk/chtf/28403/284031000000010.doc |
MARC
| LEADER | 00000nab a2200000 a 4500 | ||
|---|---|---|---|
| 001 | vtls008638677 | ||
| 003 | SK-MaSNL | ||
| 005 | 20260225144528.0 | ||
| 008 | 041015 1999 xo 000 0 eng | ||
| 035 | |a (KIS3G)CLAS02vtls000014104 | ||
| 040 | |a STUCHTKPF |b slo |c STUCHTKPF |e AACR2 | ||
| 041 | 0 | |a slo | |
| 044 | |a xo |c SK | ||
| 245 | 0 | 0 | |a International standard |b Graphic technology - Prints and printing inks - Assessment of resistance to various agents |
| 260 | |a Geneve |b International Organization for Standardization |c 1999 | ||
| 856 | 4 | |u http://www.viks.sk/chk/chtf/28403/284031000000010.doc | |
| 910 | |a schk | ||
| 910 | |a memoriask | ||
| 999 | |c 1762721 |d 1764651 | ||


